[Event "Hamburg HSK Christmas op 1st"]
[Site "Hamburg"]
[Date "2015.12.27"]
[Round "2"]
[White "Schroeder, Christoph"]
[Black "Wolfers, Dieter"]
[Result "1-0"]
[WhiteElo "2225"]
[BlackElo "1831"]
[PlyCount "83"]
[EventDate "2015.12.27"]
[EventType "swiss"]
[EventRounds "7"]
[EventCountry "GER"]
[SourceTitle "EXT 2022"]
[Source "ChessBase"]
[SourceDate "2021.10.06"]
[SourceVersion "1"]
[SourceVersionDate "2021.10.06"]
[SourceQuality "1"]

1. d4 d5 2. Nf3 Nf6 3. e3 Bg4 4. h3 Bd7 5. c4 e6 6. Nc3 Be7 7. Bd3 dxc4 8. Bxc4 c5 9. 0-0 0-0 10. Ne5 Nc6 11. Nxd7 Qxd7 12. dxc5 Qxd1 13. Rxd1 Bxc5 14. Bd2 Rfd8 15. Be1 a6 16. Be2 Kf8 17. Rac1 Ba7 18. Bf3 Rac8 19. Bxc6 Rxd1 20. Nxd1 Rxc6 21. Rxc6 bxc6 22. Kf1 Nd5 23. e4 Nf4 24. Bd2 Nd3 25. Ke2 Ne5 26. Bc3 Nd7 27. b3 e5 28. Nb2 Ke7 29. Nc4 f6 30. g3 Nc5 31. Bb4 Kd7 32. Bxc5 Bxc5 33. f4 Bd4 34. Kf3 g6 35. f5 g5 36. Kg4 Bc5 37. h4 gxh4 38. Kxh4 Bf8 39. Kh5 Ke8 40. g4 Kf7 41. g5 fxg5 42. Nxe5+ 1-0

[Event "Dortmund Sparkassen op-B"]
[Site "Dortmund"]
[Date "2008.07.01"]
[Round "3"]
[White "Langaditis, Sevastianos"]
[Black "Wolfers, Dieter"]
[Result "1/2-1/2"]
[WhiteElo "1768"]
[BlackElo "1500"]
[PlyCount "41"]
[EventDate "2008.06.30"]
[EventType "swiss"]
[EventRounds "9"]
[EventCountry "GER"]
[SourceTitle "EXT 2022"]
[Source "ChessBase"]
[SourceDate "2021.10.06"]
[SourceVersion "1"]
[SourceVersionDate "2021.10.06"]
[SourceQuality "1"]

1. Nc3 Nf6 2. Nf3 d5 3. e3 c5 4. Bb5+ Bd7 5. Qe2 a6 6. Bxd7+ Nbxd7 7. a4 e6 8. 0-0 Bd6 9. d3 Qc7 10. h3 0-0 11. e4 d4 12. Nb1 b5 13. Na3 Rab8 14. Bg5 e5 15. Nd2 h6 16. Bxf6 Nxf6 17. Rfe1 Rfe8 18. b3 Qe7 19. Nab1 Nd7 20. Nf1 Nb6 21. Nbd2 1/2-1/2

[Event "Dortmund Sparkassen op-B"]
[Site "Dortmund"]
[Date "2008.06.30"]
[Round "1"]
[White "Reinhardt, Raphael Timon"]
[Black "Wolfers, Dieter"]
[Result "0-1"]
[WhiteElo "1606"]
[BlackElo "1500"]
[PlyCount "68"]
[EventDate "2008.06.30"]
[EventType "swiss"]
[EventRounds "9"]
[EventCountry "GER"]
[SourceTitle "EXT 2022"]
[Source "ChessBase"]
[SourceDate "2021.10.06"]
[SourceVersion "1"]
[SourceVersionDate "2021.10.06"]
[SourceQuality "1"]

1. d4 d5 2. c4 e6 3. Nf3 Nf6 4. Bg5 Be7 5. e3 0-0 6. Nc3 Nbd7 7. Bd3 c5 8. 0-0 Re8 9. Qc2 h6 10. Bf4 a6 11. a3 dxc4 12. Bxc4 b5 13. Be2 Bb7 14. dxc5 Bxc5 15. Rfd1 Qb6 16. b4 Be7 17. e4 Rac8 18. Qd3 Red8 19. Rac1 Ne5 20. Qb1 Nc4 21. Rxd8+ Qxd8 22. Rd1 Qb6 23. e5 Ng4 24. Rf1 Bxf3 25. Bxf3 Ncxe5 26. Bxe5 Nxe5 27. Ne4 Nxf3+ 28. gxf3 Qc7 29. Kh1 Qc2 30. Qe1 Qd3 31. Rg1 Qxf3+ 32. Rg2 Qxa3 33. Nc5 Bxc5 34. Qe5 Bf8 0-1